Die Dampfturbinen

Salvato in:
Dettagli Bibliografici
Autore principale: Stodola, Aurel (Autore)
Natura: Libro
Lingua:tedesco
Pubblicazione: Berlin : Julius Springer, 1905
Edizione:3. Auflage
Soggetti:
Tags: Aggiungi Tag
Nessun Tag, puoi essere il primo ad aggiungerne!!

MARC

LEADER 00000nam a22000003a 4500
001 stu82751
005 20150617225634.6
008 031208s1905----NSR-----------------ger-d
040 |a STU  |b slo 
041 0 |a ger 
044 |a NSR 
080 |a 621.18 
100 1 |a Stodola, Aurel  |4 aut 
245 1 |a Die Dampfturbinen 
250 |a 3. Auflage 
260 |a Berlin :  |b Julius Springer,  |c 1905 
300 |a 454 s 
650 7 |a parné turbíny  |2 stusub 
996 |b 284J015510  |c J*7372  |l JJSK  |s A  |a 24  |w stu82751_0001